| 000 | 00552nam a2200181 4500 | ||
|---|---|---|---|
| 003 | OSt | ||
| 005 | 20140310181707.0 | ||
| 008 | 121123t xxu||||| |||| 00| 0 eng d | ||
| 020 | _a9711210959 | ||
| 050 |
_aDS 653.7 _b.T171 1992 |
||
| 082 |
_aFIL 923.1 _bM52 1992 |
||
| 245 |
_aAng tao sa MalacaƱang : _cChildren's Communication Center / _bmga pangulo ng pilipinas / |
||
| 260 |
_aManila : _bAdarna Book Services Inc., _c1992. |
||
| 300 |
_g22 cm. _a27 p. : _bill. col. map. ; |
||
| 650 |
_aPhilippines _xPresidents |
||
| 942 |
_2lcc _cBK |
||
| 999 |
_c1403 _d1403 |
||